[Event "V Memorial Corrado Bitti A"]
[Site "Laconi ITA"]
[Date "2005.08.10"]
[Round "8"]
[White "Collu, Giuseppe"]
[Black "Maldarelli, Lorenzo"]
[Result "1-0"]
[WhiteElo "1814"]
[BlackElo "1837"]
[PlyCount "123"]
[EventDate "2005.08.06"]

1.e4 c5 2.Nf3 d6 3.d4 cxd4 4.Nxd4 Nf6 5.Bd3 a6 6.O-O e5 7.Nb3 Be6 8.c4 
Nbd7 9.Nc3 Rc8 10.Nd5 Bxd5 11.exd5 Nc5 12.Nxc5 Rxc5 13.b4 Rc7 14.Be3 Nd7 
15.a4 g6 16.a5 f5 17.f3 Bg7 18.Rb1 Rc8 19.Qd2 O-O 20.Bh6 f4 21.Bxg7 Kxg7 
22.Rfc1 h5 23.Rc2 h4 24.h3 Nf6 25.Rbc1 Qe7 26.Rc3 e4 27.Bxe4 Nxe4 28.fxe4 
Qxe4 29.Re1 Qf5 30.Re7+ Rf7 31.Qd4+ Kh7 32.Rxf7+ Qxf7 33.c5 Re8 34.cxd6 
Rd8 35.Rc7 Rd7 36.Rxd7 Qxd7 37.Qxf4 Kg7 38.Qxh4 Qxd6 39.Qd4+ Kf7 40.Qg4 
Qxd5 41.Qf3+ Ke6 42.Qxd5+ Kxd5 43.h4 Kc4 44.g4 Kxb4 45.h5 gxh5 46.gxh5 
Kxa5 47.h6 Ka4 48.h7 b5 49.h8=Q b4 50.Qe8+ Ka3 51.Qa8 b3 52.Qxa6+ Kb2 53.
Kf2 Kc3 54.Qc6+ Kd2 55.Qd5+ Kc3 56.Qc5+ Kd2 57.Qd5+ Kc2 58.Qc4+ Kb2 59.Ke2
Ka3 60.Qa6+ Kb2 61.Kd2 Kb1 62.Kc3 1-0

[Event "V Memorial Corrado Bitti A"]
[Site "Laconi ITA"]
[Date "2005.08.10"]
[Round "8"]
[White "Deruda, Leonardo"]
[Black "Pais, Mario"]
[Result "1-0"]
[WhiteElo "1820"]
[BlackElo "1720"]
[PlyCount "51"]
[EventDate "2005.08.06"]

1.Nf3 d5 2.g3 Nc6 3.Bg2 e5 4.d3 Nf6 5.O-O h6 6.c3 Be7 7.Nbd2 O-O 8.e4 dxe4
9.dxe4 Be6 10.Qe2 a6 11.a4 Qc8 12.Nc4 Bd6 13.b4 Re8 14.Bb2 Bg4 15.Qc2 Qe6 
16.Ne3 Ne7 17.Nh4 g5 18.Nhf5 Bxf5 19.exf5 Qc8 20.Rad1 Rb8 21.c4 b6 22.Ba1 
Bxb4 23.Bxe5 Nd7 24.Ba1 Bc5 25.Ng4 Kh7 26.Rxd7 1-0

[Event "V Memorial Corrado Bitti A"]
[Site "Laconi ITA"]
[Date "2005.08.10"]
[Round "8"]
[White "Dessy, Eugenio"]
[Black "Biondelli, Marco"]
[Result "0-1"]
[WhiteElo "1530"]
[BlackElo "1538"]
[PlyCount "134"]
[EventDate "2005.08.06"]

1.e4 e5 2.Nf3 Nc6 3.Bb5 a6 4.Ba4 Nf6 5.O-O b5 6.Bb3 Be7 7.Re1 d6 8.h3 O-O 
9.c3 Na5 10.Bc2 c5 11.d4 Qc7 12.Nbd2 Be6 13.d5 Bd7 14.Nf1 c4 15.Ng3 Nb7 
16.Nh4 g6 17.Bg5 Nc5 18.Rc1 Rae8 19.Nf3 Qd8 20.Bh6 Qb6 21.Be3 Qc7 22.Ng5 
a5 23.Rf1 b4 24.Rb1 bxc3 25.bxc3 Rb8 26.f4 Rxb1 27.Bxb1 Rb8 28.fxe5 dxe5 
29.Kh1 Kg7 30.Qd2 Qd6 31.Rd1 Na4 32.h4 Rb2 33.Qe1 h6 34.Nxf7 Kxf7 35.Bxh6 
Bf8 36.Bc1 Rb8 37.Bc2 Kg7 38.Qe3 Kh7 39.Rf1 Bg7 40.Bd1 Qc5 41.Qd2 Rf8 42.
h5 Ng4 43.hxg6+ Kg8 44.Rxf8+ Qxf8 45.Qe2 Qf2 46.Qf3 Qxf3 47.Bxf3 Nxc3 48.
a3 a4 49.Nf5 Nf2+ 50.Kg1 Nd3 51.Bd2 Nb1 52.Bg5 c3 53.Ne7+ Kf8 54.Nc6 c2 
55.Be7+ Ke8 56.Bg5 c1=Q+ 57.Bxc1 Nxc1 58.Nxe5 Bxe5 59.Bh5 Bg7 60.e5 Bf5 
61.g4 Be4 62.d6 Bd5 63.g5 Nxa3 64.Bg4 Be4 65.Bh5 Kf8 66.Bg4 Nb5 67.d7 Ke7 
0-1

[Event "V Memorial Corrado Bitti A"]
[Site "Laconi ITA"]
[Date "2005.08.10"]
[Round "8"]
[White "Ibba, Isacco"]
[Black "Fenu, Salvatore"]
[Result "0-1"]
[WhiteElo "2197"]
[BlackElo "1844"]
[PlyCount "136"]
[EventDate "2005.08.06"]

1.d4 f5 2.Nc3 d5 3.Bf4 Nf6 4.Qd2 e6 5.Nf3 Be7 6.Ne5 Nbd7 7.f3 O-O 8.O-O-O 
c5 9.Kb1 a6 10.e3 Nxe5 11.Bxe5 b5 12.dxc5 Bb7 13.b4 Bc6 14.Ne2 Nd7 15.Qd4 
a5 16.Nf4 axb4 17.Nxe6 Qa5 18.Nxf8 Nxe5 19.Qxe5 Bf6 20.Qe6+ Kh8 21.Qxf5 
Qxa2+ 22.Kc1 Rxf8 23.Rd4 Qa1+ 24.Kd2 Qc3+ 25.Ke2 Re8 26.Rd3 Qxc2+ 27.Ke1 
Bc3+ 28.Rxc3 Qxf5 29.Rb3 Qc2 30.Rd3 Qc1+ 31.Kf2 Qxc5 32.Be2 Qb6 33.Rb1 Ra8
34.Rxb4 Ra2 35.Rdb3 Qc5 36.Rf4 h6 37.Rb1 Qc2 38.Re1 b4 39.Rxb4 Qc3 40.Rb8+
Kh7 41.Rbb1 Ba4 42.Rbc1 Qd2 43.Ra1 Rxa1 44.Rxa1 d4 45.Kf1 d3 46.Bxd3+ 
Qxd3+ 47.Kf2 Qd2+ 48.Kg3 Bb5 49.e4 Qd6+ 50.Kh3 Bd7+ 51.g4 Qd4 52.Kg2 Qd2+ 
53.Kg3 Qd6+ 54.Kg2 Qf4 55.Rf1 Bb5 56.Rf2 h5 57.gxh5 Qg5+ 58.Kh1 Qxh5 59.
Kg2 Qg5+ 60.Kh1 Qc1+ 61.Kg2 Qe1 62.h3 Bd7 63.Rf1 Bxh3+ 64.Kxh3 Qxf1+ 65.
Kg3 Kg6 66.Kf4 Kf6 67.Kg4 Qg1+ 68.Kf4 Qg5# 0-1

[Event "V Memorial Corrado Bitti A"]
[Site "Laconi ITA"]
[Date "2005.08.10"]
[Round "8"]
[White "Locci, Damiano"]
[Black "Pes, Francesco"]
[Result "1-0"]
[WhiteElo "1901"]
[BlackElo "1763"]
[PlyCount "39"]
[EventDate "2005.08.06"]

1.e4 c6 2.d4 d5 3.exd5 cxd5 4.Bd3 Nf6 5.h3 e6 6.c3 Bd6 7.Nf3 h6 8.O-O O-O 
9.Re1 Nc6 10.Nbd2 Qc7 11.Qe2 Nh5 12.Nf1 Nf4 13.Bxf4 Bxf4 14.g3 Bd6 15.N1h2
e5 16.dxe5 Nxe5 17.Nxe5 Re8 18.f4 Qb6+ 19.Kh1 Bxh3 20.Qh5 1-0

[Event "V Memorial Corrado Bitti A"]
[Site "Laconi ITA"]
[Date "2005.08.10"]
[Round "8"]
[White "Loi, Francesco"]
[Black "Lai, Silvia"]
[Result "0-1"]
[WhiteElo "1408"]
[BlackElo "1748"]
[PlyCount "102"]
[EventDate "2005.08.06"]

1.e4 d5 2.exd5 Qxd5 3.Nc3 Qd6 4.Nf3 Nf6 5.Be2 a6 6.d3 e6 7.b3 Be7 8.Bb2 b5
9.Ng5 Bb7 10.Nce4 Qd8 11.Bf3 Bxe4 12.Nxe4 c6 13.Qe2 O-O 14.O-O-O a5 15.
Nxf6+ Bxf6 16.d4 Qd6 17.a3 Na6 18.Qd3 Rfc8 19.Rhe1 Rab8 20.Kb1 Nc7 21.Be4 
h6 22.Re3 Nd5 23.Rf3 Bg5 24.Bh7+ Kf8 25.Bg6 Nf4 26.Qe4 f5 27.Bxf5 exf5 28.
Qxf5+ Kg8 29.Qg4 Nd5 30.h4 Bf6 31.Re1 Re8 32.Rd1 b4 33.Qg3 Qe7 34.a4 Rbd8 
35.Rfd3 Bxh4 36.Qg6 Qf6 37.Qxf6 Bxf6 38.Rh1 Re2 39.Rg3 Kf7 40.Rf1 Rde8 41.
Kc1 Re1+ 42.Rxe1 Rxe1+ 43.Kd2 Rf1 44.Ke2 Rb1 45.c4 Rxb2+ 46.Kd3 Rxb3+ 47.
Kc2 Rxg3 48.fxg3 Ne3+ 49.Kd3 Nxg2 50.d5 cxd5 51.cxd5 b3 0-1

[Event "V Memorial Corrado Bitti A"]
[Site "Laconi ITA"]
[Date "2005.08.10"]
[Round "8"]
[White "Orzella, Paolo"]
[Black "Secci, Gabriele"]
[Result "0-1"]
[WhiteElo "1553"]
[BlackElo "1721"]
[PlyCount "60"]
[EventDate "2005.08.06"]

1.e4 c5 2.Nf3 Nc6 3.d4 cxd4 4.Nxd4 Nf6 5.Nc3 e5 6.Nb3 Bb4 7.Bd3 d5 8.O-O 
Bxc3 9.bxc3 dxe4 10.Bb5 O-O 11.Qxd8 Rxd8 12.Bg5 Bg4 13.h3 Bh5 14.Rfe1 Bg6 
15.Nc5 Rd5 16.Be3 a6 17.Bc4 Rdd8 18.Nxb7 Rdc8 19.Rab1 Ne7 20.Nd6 Rc6 21.
Red1 h6 22.Rb7 Nf5 23.Bxf7+ Bxf7 24.Nxf5 Rxc3 25.Nxh6+ gxh6 26.Bxh6 Rxc2 
27.Rd6 Ne8 28.Rdd7 Bxa2 29.Rh7 Rac8 30.Rbf7 Bxf7 0-1

[Event "V Memorial Corrado Bitti A"]
[Site "Laconi ITA"]
[Date "2005.08.10"]
[Round "8"]
[White "Piga, Antonello"]
[Black "Carta, Francesco"]
[Result "1-0"]
[WhiteElo "1688"]
[BlackElo "1565"]
[PlyCount "77"]
[EventDate "2005.08.06"]

1.e4 c5 2.Nf3 Nc6 3.d4 cxd4 4.Nxd4 Nf6 5.Nc3 g6 6.Nxc6 bxc6 7.Be3 d6 8.Be2
Bg7 9.O-O O-O 10.f4 e6 11.Qd2 d5 12.Rad1 Bb7 13.e5 Nd7 14.Bg4 Qc7 15.Ne4 
Ba6 16.Rfe1 Rfd8 17.Ng5 h6 18.Nf3 f5 19.exf6 Nxf6 20.Bd4 Nxg4 21.h3 Bxd4+ 
22.Qxd4 c5 23.Qa4 Bb7 24.hxg4 Rd6 25.Qb3 d4 26.Qd3 Kg7 27.g3 Bxf3 28.Qxf3 
Rf8 29.b3 Qd7 30.Qe4 Rf6 31.Rd2 Qc6 32.Qd3 g5 33.fxg5 hxg5 34.Rh2 Rh6 35.
Ree2 Qa6 36.Qe4 Qc6 37.Qe5+ Kh7 38.Rxh6+ Kxh6 39.Qf6+ 1-0

[Event "V Memorial Corrado Bitti A"]
[Site "Laconi ITA"]
[Date "2005.08.11"]
[Round "9"]
[White "Biondelli, Marco"]
[Black "Boi, Paolo"]
[Result "0-1"]
[WhiteElo "1538"]
[BlackElo "1592"]
[PlyCount "76"]
[EventDate "2005.08.06"]

1.e4 c6 2.d4 d5 3.exd5 cxd5 4.Nf3 Nc6 5.Bf4 Nf6 6.Bd3 Bg4 7.c3 e6 8.Nbd2 
Bd6 9.Bxd6 Qxd6 10.O-O O-O 11.Qc2 Rac8 12.Rfe1 Nb4 13.Qb1 Nxd3 14.Qxd3 Bf5
15.Qe2 Qf4 16.Ne5 a6 17.Qe3 Qh4 18.Ndf3 Qh5 19.Qd2 h6 20.h3 Ne4 21.Qe3 Bh7
22.Nd2 Nxd2 23.Qxd2 f6 24.Nd7 Rf7 25.Nc5 e5 26.Na4 e4 27.Nc5 f5 28.Rac1 f4
29.Kh2 Rc6 30.Qd1 Qh4 31.Rf1 Rg6 32.Qd2 Qg5 33.f3 Qg3+ 34.Kh1 e3 35.Qe2 
Rg5 36.Ne6 Bd3 37.Nxg5 Bxe2 38.Nxf7 Bxf1 0-1

[Event "V Memorial Corrado Bitti A"]
[Site "Laconi ITA"]
[Date "2005.08.11"]
[Round "9"]
[White "Carta, Francesco"]
[Black "Setzu, Francesco"]
[Result "1-0"]
[WhiteElo "1565"]
[BlackElo "1631"]
[PlyCount "89"]
[EventDate "2005.08.06"]

1.e4 c6 2.d4 d5 3.Nc3 dxe4 4.Nxe4 Nd7 5.Nf3 Ngf6 6.Nxf6+ Nxf6 7.Bd3 Bg4 8.
Be3 e6 9.h3 Bh5 10.g4 Bg6 11.Ne5 Bxd3 12.Qxd3 Nd5 13.O-O-O Qc7 14.f4 Bd6 
15.c4 Nxe3 16.Qxe3 f6 17.Nd3 O-O-O 18.Qe4 Rde8 19.Qf3 Qd7 20.f5 Qf7 21.b3 
Bc7 22.Nc5 Rd8 23.Nxe6 Rd7 24.Rhe1 Re8 25.Re2 g6 26.Rde1 Ba5 27.Ng5 Rxe2 
28.Qxe2 fxg5 29.Rf1 gxf5 30.Rxf5 Qe7 31.Qxe7 Rxe7 32.Rxa5 h6 33.Re5 Rxe5 
34.dxe5 Kc7 35.Kd2 Kd7 36.Ke3 b6 37.b4 a6 38.a3 Ke7 39.a4 Ke6 40.Ke4 b5 
41.cxb5 axb5 42.a5 c5 43.a6 cxb4 44.a7 b3 45.a8=Q 1-0

[Event "V Memorial Corrado Bitti A"]
[Site "Laconi ITA"]
[Date "2005.08.11"]
[Round "9"]
[White "Fenu, Salvatore"]
[Black "Casti, Alessio"]
[Result "1-0"]
[WhiteElo "1844"]
[BlackElo "2108"]
[PlyCount "149"]
[EventDate "2005.08.06"]

1.d4 d5 2.Nf3 Nf6 3.e3 e6 4.Bd3 c5 5.b3 Nc6 6.Bb2 Bd6 7.O-O O-O 8.Nbd2 Qe7
9.c4 cxd4 10.exd4 Ba3 11.Qc1 Bxb2 12.Qxb2 dxc4 13.bxc4 b6 14.Rfe1 Bb7 15.
Rad1 Rad8 16.a3 Qc7 17.Ne4 Qf4 18.d5 exd5 19.Nxf6+ Qxf6 20.Qxf6 gxf6 21.
cxd5 Na5 22.d6 Bxf3 23.gxf3 Rfe8 24.Rxe8+ Rxe8 25.d7 Rd8 26.Bb5 Nb7 27.Re1
Kg7 28.Re8 f5 29.Bc6 a5 30.a4 f6 31.Bxb7 Rxd7 32.Bc6 Rd6 33.Bb5 Kf7 34.Rc8
h5 35.Rc6 Rd1+ 36.Kg2 h4 37.Rxb6 Kg6 38.Be8+ Kg5 39.h3 Rd8 40.Re6 Kf4 41.
Bc6 Rf8 42.Bb5 Rg8+ 43.Kf1 Kxf3 44.Bc6+ Kf4 45.Rxf6 Rd8 46.Ke2 Kg5 47.Re6 
Rc8 48.Kf3 Rc7 49.Be8 Rc3+ 50.Re3 Rc4 51.Bb5 Rc5 52.Rd3 Rc8 53.Ke3 Rc5 54.
f4+ Kh5 55.Kd4 Rc1 56.Ke5 Rc5+ 57.Kf6 Kh6 58.Rd8 Kh7 59.Be8 Kh6 60.Bf7 
Rc6+ 61.Be6 Kh5 62.Rd7 Kh6 63.Kxf5 Rc5+ 64.Kf6 Rc6 65.f5 Rb6 66.Kf7 Kg5 
67.f6 Kh6 68.Ke7 Rb8 69.f7 Kg7 70.Rd8 Rxd8 71.Kxd8 Kf6 72.Kd7 Ke5 73.f8=Q 
Kd4 74.Qf6+ Ke3 75.Kd6 1-0

[Event "V Memorial Corrado Bitti A"]
[Site "Laconi ITA"]
[Date "2005.08.11"]
[Round "9"]
[White "Figus, Maurizio"]
[Black "Deruda, Leonardo"]
[Result "1-0"]
[WhiteElo "1877"]
[BlackElo "1820"]
[PlyCount "57"]
[EventDate "2005.08.06"]

1.e4 d6 2.d4 g6 3.Nc3 Bg7 4.Be3 a6 5.Nge2 b5 6.Ng3 Bb7 7.Be2 Nd7 8.Qd2 e6 
9.f4 Ne7 10.f5 exf5 11.exf5 b4 12.Na4 Nf6 13.O-O Ned5 14.Bh6 Bxh6 15.Qxh6 
Qd7 16.fxg6 fxg6 17.c4 bxc3 18.Nxc3 O-O-O 19.Qg5 Qg7 20.Nxd5 Nxd5 21.Rad1 
h6 22.Qd2 Rde8 23.Rf3 h5 24.Ra3 h4 25.Nf1 Qe7 26.Bxa6 Bxa6 27.Rxa6 Qe2 28.
Ra8+ Kd7 29.Qxe2 1-0

[Event "V Memorial Corrado Bitti A"]
[Site "Laconi ITA"]
[Date "2005.08.11"]
[Round "9"]
[White "Lai, Silvia"]
[Black "Pes, Francesco"]
[Result "0-1"]
[WhiteElo "1748"]
[BlackElo "1763"]
[PlyCount "56"]
[EventDate "2005.08.06"]

1.e4 e6 2.d4 d5 3.e5 c5 4.c3 Nc6 5.f4 Qb6 6.Nf3 cxd4 7.cxd4 Nh6 8.Nc3 Nf5 
9.Bb5 Bd7 10.Bxc6 Bxc6 11.g4 Ne7 12.h4 h5 13.gxh5 Nf5 14.Ne2 Rxh5 15.Kf2 
Rh8 16.Ng3 Nxg3 17.Kxg3 g6 18.Ng5 Be7 19.b3 Qa6 20.Bb2 Bb5 21.Re1 Bxg5 22.
fxg5 Bd3 23.Re3 Bf5 24.Qc1 Kd7 25.a4 Rac8 26.Rc3 Qe2 27.Qd1 Qxb2 28.Re3 
Rxh4 0-1

[Event "V Memorial Corrado Bitti A"]
[Site "Laconi ITA"]
[Date "2005.08.11"]
[Round "9"]
[White "Locci, Damiano"]
[Black "Ibba, Isacco"]
[Result "1/2-1/2"]
[WhiteElo "1901"]
[BlackElo "2197"]
[PlyCount "57"]
[EventDate "2005.08.06"]

1.e4 e5 2.d4 exd4 3.Nf3 d5 4.Qxd4 dxe4 5.Qxe4+ Be7 6.Bg5 c6 7.Bc4 Qa5+ 8.
Bd2 Qf5 9.Qxf5 Bxf5 10.Ne5 Be6 11.Bxe6 fxe6 12.Nc3 Nf6 13.O-O O-O 14.Bg5 
Bc5 15.Rad1 h6 16.Bxf6 gxf6 17.Nd7 Nxd7 18.Rxd7 Rf7 19.Rfd1 Raf8 20.Na4 
Bb6 21.Nxb6 axb6 22.R1d6 e5 23.Kf1 Kg7 24.Ke2 Kg6 25.Ke3 Kf5 26.f3 h5 27.
g3 b5 28.a3 Kg5 29.h3 1/2-1/2

[Event "V Memorial Corrado Bitti A"]
[Site "Laconi ITA"]
[Date "2005.08.11"]
[Round "9"]
[White "Loi, Francesco"]
[Black "Orzella, Paolo"]
[Result "1-0"]
[WhiteElo "1408"]
[BlackElo "1553"]
[PlyCount "115"]
[EventDate "2005.08.06"]

1.d4 d5 2.c4 e6 3.Nf3 Nf6 4.Nc3 c6 5.a4 Nbd7 6.cxd5 cxd5 7.e3 Bb4 8.Bd2 
Qa5 9.Bd3 O-O 10.O-O b6 11.Qe2 Bb7 12.Rac1 Rac8 13.Qd1 Ba6 14.Nb5 Bxd2 15.
Nxd2 Qb4 16.Rxc8 Rxc8 17.b3 g6 18.Qe2 Kg7 19.Nxa7 Bxd3 20.Qxd3 Rc3 21.Qb1 
Ng4 22.Nb5 Rc8 23.Qd1 Ndf6 24.h3 Nh6 25.g4 Nhg8 26.g5 Ne8 27.h4 h5 28.Nf3 
Ne7 29.Ne5 Nf5 30.Nf3 Qe7 31.Qe2 f6 32.e4 dxe4 33.Qxe4 fxg5 34.Nxg5 Nf6 
35.Nxe6+ Kf7 36.Ng5+ Kg7 37.Qe5 Kh6 38.Qf4 Kg7 39.Nc7 Rxc7 40.Qxc7 Qxc7 
41.Ne6+ Kf7 42.Nxc7 Nxd4 43.Na8 Nxb3 44.Rb1 Nc5 45.Nxb6 Nfe4 46.a5 Nd6 47.
Rb2 Ndb7 48.Nc4 Ke6 49.Rb6+ Kd5 50.Ne3+ Kd4 51.a6 Nxa6 52.Rxa6 Nc5 53.Rxg6
Ne6 54.Rh6 Kd3 55.Rxh5 Ke2 56.Re5 Kf3 57.Rf5+ Ke2 58.h5 1-0

[Event "V Memorial Corrado Bitti A"]
[Site "Laconi ITA"]
[Date "2005.08.11"]
[Round "9"]
[White "Lommers, Frank"]
[Black "Collu, Giuseppe"]
[Result "1-0"]
[WhiteElo "2204"]
[BlackElo "1814"]
[PlyCount "67"]
[EventDate "2005.08.06"]

1.d4 Nf6 2.Nf3 d5 3.c4 g6 4.cxd5 Qxd5 5.Nc3 Qa5 6.Bd2 Bg7 7.e4 c6 8.Bc4 
O-O 9.Qb3 Qb6 10.Qc2 Bg4 11.Be3 Bxf3 12.gxf3 Qb4 13.Bd3 Nh5 14.a3 Qd6 15.
e5 Qd7 16.O-O-O e6 17.Ne4 a5 18.Kb1 Na6 19.Qd2 a4 20.Ng3 Nxg3 21.hxg3 f5 
22.f4 b5 23.g4 Nc7 24.gxf5 exf5 25.Rh3 Rf7 26.Rc1 Ne6 27.Qc3 Nd8 28.Ka1 
Bf8 29.Bb1 Rg7 30.Ba2+ Kh8 31.Bd2 Rb8 32.b4 axb3 33.Qxb3 c5 34.Rxh7+ 1-0

[Event "V Memorial Corrado Bitti A"]
[Site "Laconi ITA"]
[Date "2005.08.11"]
[Round "9"]
[White "Mannu, Michele"]
[Black "Maldarelli, Lorenzo"]
[Result "0-1"]
[WhiteElo "1933"]
[BlackElo "1837"]
[PlyCount "52"]
[EventDate "2005.08.06"]

1.Nf3 Nf6 2.g3 b6 3.Bg2 Bb7 4.O-O e6 5.d3 Be7 6.Nbd2 O-O 7.c3 d6 8.Qc2 c5 
9.b3 Nbd7 10.Bb2 Rc8 11.c4 e5 12.Rfe1 Re8 13.Nxe5 Bxg2 14.Nxd7 Bc6 15.
Nxf6+ Bxf6 16.Nf1 Bxb2 17.Qxb2 Re6 18.Ne3 Qg5 19.Ng2 Rce8 20.e4 f5 21.exf5
Qxf5 22.Rxe6 Rxe6 23.d4 cxd4 24.Qxd4 Qf3 25.Qd5 Bxd5 26.cxd5 Re2 0-1

[Event "V Memorial Corrado Bitti A"]
[Site "Laconi ITA"]
[Date "2005.08.11"]
[Round "9"]
[White "Pais, Mario"]
[Black "Caredda, Giuseppe"]
[Result "1-0"]
[WhiteElo "1720"]
[BlackElo "1409"]
[PlyCount "89"]
[EventDate "2005.08.06"]

1.e4 e5 2.d4 d6 3.dxe5 Nc6 4.exd6 Bxd6 5.Nf3 Nf6 6.Bd3 Be6 7.Nc3 a6 8.O-O 
O-O 9.Re1 Ne5 10.Nxe5 Bxe5 11.h3 Qd6 12.Bg5 Nd7 13.Be3 Rac8 14.Rf1 Rfd8 
15.f4 Bd4 16.Qf3 Bxe3+ 17.Qxe3 Nc5 18.Rad1 Nxd3 19.Rxd3 Qb4 20.b3 Rxd3 21.
Qxd3 f6 22.f5 Bf7 23.Nd5 Qc5+ 24.Kh1 Rd8 25.Rd1 Kf8 26.Qc3 Qxc3 27.Nxc3 
Rxd1+ 28.Nxd1 b5 29.Kg1 Ke7 30.Kf2 Kd6 31.Ke3 Ke5 32.Nf2 h5 33.Nd3+ Kd6 
34.g4 c5 35.a3 a5 36.Kd2 c4 37.bxc4 Bxc4 38.Nb2 Bf1 39.gxh5 Bxh3 40.c3 Bg2
41.Ke3 Kc5 42.Kf4 Bf1 43.e5 Be2 44.exf6 gxf6 45.h6 1-0

[Event "V Memorial Corrado Bitti A"]
[Site "Laconi ITA"]
[Date "2005.08.11"]
[Round "9"]
[White "Piga, Antonello"]
[Black "Altea, Giovanni"]
[Result "1/2-1/2"]
[WhiteElo "1688"]
[BlackElo "1685"]
[PlyCount "56"]
[EventDate "2005.08.06"]

1.e4 c6 2.d4 d5 3.e5 c5 4.c3 Nc6 5.Nf3 cxd4 6.cxd4 Qb6 7.Nc3 e6 8.Be2 Nge7
9.O-O Nf5 10.Na4 Qa5 11.a3 b5 12.Nc5 Bxc5 13.dxc5 a6 14.Bd2 Qc7 15.Bc3 O-O
16.Bd3 d4 17.Bxf5 dxc3 18.Bxh7+ Kh8 19.Be4 Rd8 20.Qe2 cxb2 21.Rab1 Bb7 22.
Nd4 Rxd4 23.Qh5+ Kg8 24.Qh7+ Kf8 25.Qh8+ Ke7 26.Qh4+ Kf8 27.Qh8+ Ke7 28.
Qh4+ Kf8 1/2-1/2

[Event "V Memorial Corrado Bitti A"]
[Site "Laconi ITA"]
[Date "2005.08.11"]
[Round "9"]
[White "Secci, Gabriele"]
[Black "Caramia, Antonio"]
[Result "0-1"]
[WhiteElo "1721"]
[BlackElo "1814"]
[PlyCount "44"]
[EventDate "2005.08.06"]

1.e4 c5 2.Nf3 d6 3.d4 cxd4 4.Nxd4 Nf6 5.Nc3 e6 6.Be2 a6 7.Be3 Qc7 8.O-O 
Nbd7 9.f4 b5 10.a3 Bb7 11.Bf3 Rc8 12.Qe1 Nc5 13.Bd2 Be7 14.Qg3 Ncxe4 15.
Nxe4 Bxe4 16.Nxe6 fxe6 17.Bxe4 Nxe4 18.Qxg7 Qc5+ 19.Kh1 Kd7 20.Bb4 Qxc2 
21.f5 exf5 22.Rxf5 Rhg8 0-1

[Event "Hotel Montesano Open A"]
[Site "Villa San Giovanni ITA"]
[Date "2005.08.07"]
[Round "1"]
[White "Aliferopulos, Andrea"]
[Black "Safranska, Anda"]
[Result "0-1"]
[WhiteElo "1909"]
[BlackElo "2291"]
[PlyCount "148"]
[EventDate "2005.08.07"]

1.e4 g6 2.d4 c6 3.c4 Bg7 4.Nc3 d6 5.Nf3 Nd7 6.Be2 e5 7.dxe5 dxe5 8.Be3 
Ngf6 9.Qd6 Bf8 10.Qd1 Ng4 11.Bg5 f6 12.Bd2 Nc5 13.Qc2 Ne6 14.h3 Nh6 15.Be3
Nf7 16.Rd1 Qc7 17.a3 Bc5 18.Bxc5 Nxc5 19.b4 Ne6 20.g3 O-O 21.Nb1 a5 22.Kf1
axb4 23.axb4 Qb6 24.Qc3 Ra4 25.b5 Qc5 26.bxc6 bxc6 27.Nbd2 Ra3 28.Qb2 Nfg5
29.Kg2 Ra7 30.h4 Nxf3 31.Nxf3 Qe7 32.Ra1 Rb7 33.Qc2 Nc5 34.Rhb1 Ra7 35.Nd2
f5 36.Rxa7 Qxa7 37.Qb2 fxe4 38.Qb6 Qe7 39.Nb3 Nd3 40.Bxd3 exd3 41.Qe3 Bg4 
42.Nd2 Bf5 43.Re1 Qb4 44.Rb1 Qd6 45.f3 h5 46.Rb7 Rf7 47.Rb1 Kg7 48.Re1 Rb7
49.Kh1 Rb2 50.f4 exf4 51.Qa7+ Kf8 52.Qh7 Rb8 53.Nf3 Qf6 54.Qa7 Rd8 55.Ng5 
Rd7 56.Qxd7 Bxd7 57.Nh7+ Kf7 58.Nxf6 Kxf6 59.Rd1 Bf5 60.gxf4 Ke6 61.Kg1 
Kd6 62.Kf2 Kc5 63.Ke3 Kxc4 64.Rc1+ Kd5 65.Rc3 c5 66.Rc1 c4 67.Rc3 Bg4 68.
Rc1 Kc5 69.Kd2 Kd4 70.Rc3 Bd7 71.Rc1 Ba4 72.Rc3 Bb3 73.Rc1 Bc2 74.Rg1 c3+ 
0-1

[Event "Hotel Montesano Open A"]
[Site "Villa San Giovanni ITA"]
[Date "2005.08.07"]
[Round "1"]
[White "Altieri, Danilo Mario"]
[Black "Efimov, Igor"]
[Result "0-1"]
[WhiteElo "2012"]
[BlackElo "2401"]
[PlyCount "80"]
[EventDate "2005.08.07"]

1.d4 Nf6 2.Nf3 e6 3.Bg5 h6 4.Bh4 c5 5.c3 b6 6.e3 Bb7 7.Nbd2 Be7 8.Bd3 g5 
9.Bg3 g4 10.Bxb8 gxf3 11.Bg3 fxg2 12.Rg1 h5 13.h4 Ng4 14.Be4 Bxe4 15.Nxe4 
d5 16.Nd2 Bxh4 17.Rxg2 Bxg3 18.Rxg3 f5 19.Nf3 Qd7 20.Qe2 O-O-O 21.O-O-O 
Qa4 22.Ng5 Rhe8 23.Kb1 Nxf2 24.Rf1 Ng4 25.Rh3 Qc4 26.Qxc4 dxc4 27.dxc5 Rd3
28.cxb6 axb6 29.Rxh5 Nxe3 30.Re1 e5 31.Nf7 Kc7 32.a3 e4 33.Rg1 Re7 34.Ng5 
Nd5 35.Rh6 e3 36.Ne6+ Kd7 37.Nf8+ Kc8 38.Ne6 e2 39.Rg8+ Kb7 40.Nd8+ Ka6 
0-1

[Event "Hotel Montesano Open A"]
[Site "Villa San Giovanni ITA"]
[Date "2005.08.07"]
[Round "1"]
[White "Ammendolea, Massimo"]
[Black "Hirneise, Tobias"]
[Result "0-1"]
[WhiteElo "1871"]
[BlackElo "2131"]
[PlyCount "58"]
[EventDate "2005.08.07"]

1.e4 c5 2.Nf3 e6 3.d3 Nc6 4.g3 d5 5.Nbd2 Bd6 6.Bg2 Nge7 7.O-O O-O 8.Re1 f6
9.a4 d4 10.Nc4 e5 11.h4 Be6 12.b3 Bc7 13.Ba3 b6 14.Ncd2 a6 15.Nf1 Bd6 16.
N1h2 b5 17.Bf1 bxa4 18.bxa4 c4 19.Bxd6 Qxd6 20.dxc4 Qb4 21.Qe2 Na5 22.Reb1
Qxc4 23.Qd2 Qc7 24.Bd3 Rfc8 25.Qe2 Nc4 26.g4 Ng6 27.g5 Nf4 28.Qd1 Qe7 29.
Qc1 Nxd3 0-1

[Event "Hotel Montesano Open A"]
[Site "Villa San Giovanni ITA"]
[Date "2005.08.07"]
[Round "1"]
[White "Bartolozzi, Roberto"]
[Black "Grimaldi, Fabio"]
[Result "1-0"]
[WhiteElo "2126"]
[BlackElo "1844"]
[PlyCount "71"]
[EventDate "2005.08.07"]

1.d4 f5 2.Nf3 Nf6 3.g3 e6 4.Bg2 d5 5.c4 c6 6.O-O Bd6 7.b3 Qe7 8.Bb2 O-O 9.
Nbd2 Bd7 10.Ne5 Be8 11.Ndf3 Bh5 12.Qc2 Ne4 13.e3 Nd7 14.Nxd7 Qxd7 15.Ne5 
Qc7 16.Nd3 g5 17.cxd5 exd5 18.Ne5 g4 19.f3 gxf3 20.Bxf3 Bxf3 21.Rxf3 Rae8 
22.Qd3 Re6 23.a3 Qg7 24.Raf1 Ref6 25.Qc2 h5 26.Rf4 Kh8 27.Kh1 Kh7 28.Rh4 
Rh6 29.Qe2 Qxg3 30.Rxe4 Qg5 31.Ref4 Bxe5 32.dxe5 Rg6 33.Qf2 Rfg8 34.Rxf5 
Qg4 35.Rf7+ Kh8 36.e6+ 1-0

[Event "Hotel Montesano Open A"]
[Site "Villa San Giovanni ITA"]
[Date "2005.08.07"]
[Round "1"]
[White "Blandini, Carmelo"]
[Black "Genocchio, Daniele"]
[Result "0-1"]
[WhiteElo "1929"]
[BlackElo "2306"]
[PlyCount "92"]
[EventDate "2005.08.07"]

1.Nf3 d6 2.g3 g6 3.Bg2 Bg7 4.O-O f5 5.d4 Nf6 6.c4 O-O 7.Nc3 Nc6 8.e3 a6 9.
a3 e5 10.dxe5 dxe5 11.Qxd8 Rxd8 12.Re1 e4 13.Nd2 Ne5 14.Bf1 Rxd2 15.Bxd2 
Nf3+ 16.Kg2 Nxd2 17.Rad1 Nxf1 18.Rd8+ Bf8 19.Rxf1 Kf7 20.Rfd1 Be7 21.R8d2 
Be6 22.Nd5 Bxd5 23.cxd5 Ng4 24.Rc2 Bd6 25.Rc3 a5 26.h4 Ra6 27.Rb3 Ra7 28.
a4 Bb4 29.Rc1 b6 30.Rd1 Ne5 31.Kf1 Ke7 32.h5 Nd7 33.hxg6 hxg6 34.Ke2 Nc5 
35.Rc3 Bxc3 36.bxc3 Nxa4 37.Kd2 b5 38.Rb1 Rb7 39.c4 b4 40.Rh1 b3 41.Rh7+ 
Kd6 42.Rg7 b2 43.Rxg6+ Kd7 44.Rg7+ Ke8 45.d6 b1=Q 46.dxc7 Rb2# 0-1

[Event "Hotel Montesano Open A"]
[Site "Villa San Giovanni ITA"]
[Date "2005.08.07"]
[Round "1"]
[White "Cordi', Domenico"]
[Black "Guliyev, Namig"]
[Result "0-1"]
[WhiteElo "2086"]
[BlackElo "2555"]
[PlyCount "128"]
[EventDate "2005.08.07"]

1.d4 d5 2.Nf3 Nf6 3.c4 dxc4 4.Nc3 c5 5.e3 cxd4 6.exd4 e6 7.Bxc4 Be7 8.O-O 
O-O 9.Qe2 a6 10.Rd1 b5 11.Bd3 Bb7 12.a4 b4 13.Ne4 Nbd7 14.a5 Nxe4 15.Bxe4 
Bxe4 16.Qxe4 Nf6 17.Qc6 Nd5 18.Be3 Qd6 19.Qxd6 Bxd6 20.Rdc1 Rfc8 21.g3 Kf8
22.Kf1 Ke7 23.Ke2 f6 24.h4 Kd7 25.Nd2 Rxc1 26.Rxc1 Rc8 27.Nc4 Bc7 28.Bd2 
Rb8 29.b3 Rb5 30.Kd3 Ne7 31.Ra1 Nc6 32.Ra4 Bxa5 33.Nxa5 Rxa5 34.Rxa5 Nxa5 
35.Bxb4 Nxb3 36.Kc3 Nc1 37.Ba3 Ne2+ 38.Kd3 Ng1 39.Ke3 g5 40.f3 Nh3 41.Bb4 
f5 42.Bd2 Kd6 43.Kd3 g4 44.Ke3 Kd5 45.fxg4 fxg4 46.Ba5 h5 47.Bb6 Ng1 48.
Kd3 Nf3 49.Ke3 Kc6 50.Bd8 Kb5 51.Ke4 a5 52.d5 exd5+ 53.Kxd5 Kb4 54.Ke4 
Nd2+ 55.Kf5 Nf1 56.Bc7 a4 57.Kg5 Nxg3 58.Bxg3 a3 59.Kxh5 a2 60.Be5 g3 61.
Bxg3 a1=Q 62.Bf4 Kc5 63.Bg5 Kd5 64.Kg6 Ke6 0-1

[Event "Hotel Montesano Open A"]
[Site "Villa San Giovanni ITA"]
[Date "2005.08.07"]
[Round "1"]
[White "Gangemi, Salvatore"]
[Black "Sgro', Ezio"]
[Result "1-0"]
[WhiteElo "2104"]
[BlackElo "1826"]
[PlyCount "99"]
[EventDate "2005.08.07"]

1.c4 Nf6 2.g3 g6 3.Bg2 Bg7 4.Nc3 O-O 5.e4 d6 6.Nge2 e5 7.O-O Nc6 8.d3 Nh5 
9.Nd5 Ne7 10.Nec3 c6 11.Nxe7+ Qxe7 12.Be3 Be6 13.Rc1 Qd7 14.b3 f5 15.exf5 
Bxf5 16.Ne4 Nf6 17.c5 d5 18.Nd6 Bg4 19.f3 Be6 20.d4 Ne8 21.dxe5 Bxe5 22.
Bh6 Bg7 23.Bf4 Nxd6 24.Bxd6 Rf7 25.Rc2 Bf5 26.Re2 Re8 27.Rxe8+ Qxe8 28.Re1
Qd8 29.g4 Bd7 30.Re2 Bf8 31.Qe1 Bxd6 32.cxd6 Qf8 33.Re7 Rxe7 34.dxe7 Qe8 
35.Qe3 b6 36.h4 Kf7 37.Qh6 Qg8 38.h5 Qg7 39.hxg6+ hxg6 40.g5 Qxh6 41.gxh6 
g5 42.Bh3 Be8 43.Bf5 c5 44.Kf2 b5 45.Ke3 d4+ 46.Kd3 Kf6 47.h7 Kg7 48.Ke4 
Bc6+ 49.Ke5 Be8 50.Kd5 1-0